00818nam a22002297a 450000500170000001000130001702000110003003500130004103700160005404000120007008200160008210000390009824500750013726000480021230000270026050000400028765000520032765000380037994200250041799900190044295201270046120170124110216.0 aA-949931 c175.00 aA-949931 bCen Lib/Ret aDPLbEN a954.08bRIZ aRizvi, Syed Sifarish Husain939164 aPartition :cby Syed Sifarish Husain Rizvibend product of the trend / aPatnabKhuda Bakhsh Oriental Public Library axxxvi,256p. c21cm(Hb) aIncludes bibliographical references aHistory -- British occupation, 1765-1947939165 aHistory -- Partition, 1947939166 2ddccENh954.08mRIZ c133879d133879 00104070aLbLd2015-07-28eCen Lib/Retg175.00l0o954.08 RIZpA-949931r2015-07-28 00:00:00t1v175.00w2015-07-28yEN